000 00317nam a22001457a 4500
008 221116b ||||| |||| 00| 0 eng d
020 _a9780140168372
041 _aeng
080 _a616.053
082 _a616.053PEG
100 _a14.2
101 _apedi
245 _aPARENTING +PLUS+
_cPEGGY F
942 _2udc
_cBK
999 _c58913
_d58913